| 000 | 00795nam a22002417a 4500 | ||
|---|---|---|---|
| 003 | UA-OsUOA | ||
| 001 | 82893 | ||
| 007 | ta | ||
| 008 | 20120322b un ||||| |||| 00| 0 ukr d | ||
| 100 | _aСоломія Крушельницька | ||
| 090 |
_a929:7.071.2 _bК84 |
||
| 942 | _cBK | ||
| 040 |
_aUA-OsUOA _bukr _cUA-OsUOA _dUA-OsUOA |
||
| 245 |
_aСпогади. Матеріали. Листування _bу двох частинах _cупоряд. і приміт. Головащенка М. |
||
| 300 | _a435 с. | ||
| 955 | _a2 | ||
| 041 | _aukr | ||
| 080 | _a929:7.071.2 | ||
| 260 |
_aК. _bМузична Україна _c1979 |
||
| 246 | 3 | 1 |
_a2 _nМатеріали. Листування |
| 650 | 7 |
_a9 Географія. Біографії. Історія _2UDC |
|
| 999 |
_c369204 _d369204 |
||